Jaka droga ekspresowa prowadzi przez to miasto? - Statystyki

Ogólne statystyki
  • Ten quiz został rozwiązany 31 razy
    30 od ostatniego zresetowania
  • Średni wynik to 17 z 20
Statystyki odpowiedzi
Miasto Droga % Poprawnych
Warszawa S2, S8, S17, S79
100%
Konurbacja górnośląska A1, A4, S1, S86
97%
Kraków A4, S7, S52
97%
Wrocław A8, A4, S5, S8
97%
Łódź A1, S14
93%
Poznań A2, S11
93%
Szczecin A6, S3, S6
93%
Lublin S12, S17
93%
Trójmiasto S6, S7
93%
Toruń A1, S10,
90%
Rzeszów S19
90%
Koszalin S6
90%
Częstochowa A1
86%
Bydgoszcz S5, S10
86%
Elbląg S7
86%
Tarnów A4
79%
Bielsko-Biała S1, S52
79%
Zielona Góra S3
79%
Kielce S74
62%
Olsztyn S16
59%
Nie znaleziono quizów pasujących do podanych kryteriów
Rozkład punktacji
Procent ludzi z każdym wynikiem
Percentyl według liczby udzielonych odpowiedzi
Twoja historia wyników
Nie rozwiązałeś tego quizu od ostatniego zresetowania